000 00369nam a22001457a 4500
020 _a9780008149246
040 _cNUST
082 _a823
_bBON
100 _aMicheal Bond, Karen Jankel
_9122911
110 _aR.W. Alley
_9122912
245 _aPaddington Goes To Hospital
260 _aLondon:
_bHarperCollins,
_c2001.
650 _aPaddington
_9122913
942 _2ddc
_cBK
999 _c609295
_d609295